[Event "Hebraica op 31st"]
[Site "Hebraica"]
[Date "2023.07.01"]
[Round "3"]
[White "Rodrigues, Teodoro"]
[Black "Bacha, Adriano"]
[Result "0-1"]
[WhiteElo "1761"]
[BlackElo "1210"]
[PlyCount "82"]
[EventDate "2023.06.30"]
[EventType "swiss"]
[EventRounds "6"]
[EventCountry "BRA"]
[SourceTitle "CBM 215 Extra"]
[Source "ChessBase"]
[SourceDate "2023.09.30"]
[SourceVersion "1"]
[SourceVersionDate "2023.09.30"]
[SourceQuality "1"]

1. c4 Nf6 2. d4 g6 3. Nc3 Bg7 4. e4 d6 5. f3 0-0 6. Be3 e5 7. d5 c5 8. Qd2 Re8 9. Nge2 Nh5 10. g4 Nf6 11. Ng3 a6 12. h4 Bd7 13. h5 Qa5 14. g5 Nxh5 15. Nxh5 gxh5 16. Rxh5 b5 17. b3 bxc4 18. bxc4 Bc8 19. Rc1 Qa3 20. Qh2 Nd7 21. Rxh7 Nf8 22. Rxg7+ Kxg7 23. Qh6+ Kg8 24. Kd2 Ng6 25. Bd3 Rb8 26. Rh1 Rb2+ 27. Bc2 Qa5 28. Kd3 Bd7 29. f4 exf4 30. Bxf4 Nxf4+ 31. Kd2 Ng6 32. Qh7+ Kf8 33. Rf1 Re7 34. Qxg6 Ba4 35. Qh6+ Ke8 36. Rc1 Rxe4 37. g6 Rd4+ 38. Ke2 Qxc3 39. Qe3+ Qxe3+ 40. Kxe3 Rxc2 41. g7 Rg4 0-1